| 000 | 00449nam a2200121 a 4500 | ||
|---|---|---|---|
| 008 | 120416s1968 ||||||||||||||||| || u | ||
| 050 | _aBF 181 Plu | ||
| 100 | _aPlutchik, Robert | ||
| 245 | 1 | 0 | _aFoundations of experimental research |
| 260 |
_aNew York _bHarper & Row _c1968 |
||
| 350 | _a0.00 | ||
| 995 |
_D0.00 _FCBU-MAIN LIBRARY (Kitwe) _H1 _I10.00 _M1 _UAVAILABLE _ZMain Library Open Access Collection |
||
| 999 |
_c43897 _d43897 |
||